000 00238nam a2200097Ia 4500
001 689913
005 20250826161806.0
008 250824s9999 xx 000 0 und d
245 0 _aBEYHUDE ÖMRÜM
_cMUSTAFA KUTLU
260 _bDERGAH YAYINLARI
999 _c689913
_d689913